[Event "Heart of Finland op 31st"]
[Site "Jyvaskyla"]
[Date "2023.07.20"]
[Round "6"]
[White "Kumpulainen, Kalle"]
[Black "Chachere, Theodore"]
[Result "1/2-1/2"]
[WhiteElo "1965"]
[BlackElo "1690"]
[PlyCount "57"]
[EventDate "2023.07.17"]
[EventType "swiss"]
[EventRounds "9"]
[EventCountry "FIN"]
[SourceTitle "CBM 215 Extra"]
[Source "ChessBase"]
[SourceDate "2023.09.30"]
[SourceVersion "1"]
[SourceVersionDate "2023.09.30"]
[SourceQuality "1"]

1. d4 Nf6 2. c4 e6 3. Nf3 b6 4. g3 Ba6 5. b3 Bb4+ 6. Bd2 Be7 7. Bg2 c6 8. 0-0 d5 9. Qc2 Nbd7 10. Rd1 0-0 11. Bg5 h6 12. Bf4 Bb7 13. Nc3 Rc8 14. Ne5 Nxe5 15. Bxe5 Qd7 16. Qd2 dxc4 17. bxc4 Rfd8 18. e4 Ng4 19. Bf4 e5 20. Be3 Nxe3 21. fxe3 c5 22. d5 Ba6 23. Qe2 g6 24. a4 Rb8 25. Rf1 h5 26. Nb5 Bc8 27. Qf3 Bg5 28. Rae1 Rf8 29. Qf2 1/2-1/2